Normal view
MARC view
- Dhir, V. K. Dalal, Amaresh
Entry Corporate Name
001 - CONTROL NUMBER
- control field: 83628
003 - CONTROL NUMBER IDENTIFIER
- control field: NUST
005 - DATE AND TIME OF LATEST TRANSACTION
- control field: 20211102094242.0
008 - FIXED-LENGTH DATA ELEMENTS
- fixed length control field: 211102|| aca||aabn | a|a d
040 ## - CATALOGING SOURCE
- Original cataloging agency: NUST
- Transcribing agency: NUST
110 ## - HEADING--CORPORATE NAME
- Corporate name or jurisdiction name as entry element: Dhir, V. K. Dalal, Amaresh
670 ## - SOURCE DATA FOUND
- Source citation: Work cat.: (NUST): Biswas, Gautam 83627, Fundamentals of convective heat transfer, 2019.
